| 000 | 00956nam a22002297a 4500 | ||
|---|---|---|---|
| 999 |
_c61288 _d61288 |
||
| 005 | 20240126165027.0 | ||
| 008 | 240126s2017 enk||||| |||| 00| 0 eng d | ||
| 020 | _a9780991344628 | ||
| 041 | _aeng | ||
| 080 | _a004.42 F-96 | ||
| 245 |
_aFullstack React: _bThe Complete Guide to Reactjs and Friends / _cAnthony Accomazzo, Nate Murray, Ari Lerner, Clay Allsopp, David Guttman, Tyler McCinnis. |
||
| 264 |
_aSan Francisco: _b Fullstack, _c2017. |
||
| 300 |
_a814 p. : _bill. ; _c29 cm. |
||
| 653 | _aკომპიუტერული მეცნიერებანი | ||
| 700 |
_aAccomazzo, Anthony _eავტორი _921139 |
||
| 700 |
_aMurray, Nate _eავტორი _921140 |
||
| 700 |
_aLerner, Ari _eავტორი _921141 |
||
| 700 |
_a Allsopp, Clay _eავტორი _921142 |
||
| 700 |
_aGuttman, David _eავტორი _921143 |
||
| 700 |
_aMcCinnis, Tyler _eავტორი _921144 |
||
| 942 |
_2udc _cᲬᲘᲒᲜᲘ |
||